| 000 | 00959nam a22002417a 4500 | ||
|---|---|---|---|
| 005 | 20100818120622.0 | ||
| 008 | 090109t xxu||||| |||| 00| 0urd d | ||
| 010 | _a UR-7764 | ||
| 020 |
_c35.00 _a8185729670 |
||
| 035 | _aU-6319 | ||
| 040 |
_adpl _burd |
||
| 082 | _a270.92 | ||
| 100 |
_912785 _aعلی اصغرچودھری |
||
| 245 |
_aصحابہ کرام _cعلی اصغرچودھری |
||
| 246 |
_aSahaba-e-Kiram / _bby Ali Asghar Chaudhri |
||
| 260 |
_aنئ دہلی _c2008 _bالحسنات بکس |
||
| 270 |
_a3004/2, Sir Sayyed Ahmad Road, Daryaganj _bNew Delhi _e110002 _k23271845 _malhasanatbooks@rediffmail.com, faisalfaheem@rediffmail.com |
||
| 300 |
_a142 ص _c22 س م (Pbk) |
||
| 650 |
_2critisim _912786 |
||
| 700 | _913044 | ||
| 942 |
_2ddc _cUR _h270.92 _mا ی م |
||
| 999 |
_c42374 _d42374 |
||